01162nam a2200193Ia 4500001001100000003001000011008004100021040002500062041001300087100001700100245006800117250001100185260009100196300002800287500026000315501011400575520026000689650001900949L942-50937IT-CnALBA170116s9999||||xx |||||||||||||| ||und|| aIT-CnALBAcIT-CnALBA aITALIANO aMOLA A. ALDO 0aSTORIA DELLA MASSONERIA ITALIANA DALL'UNITÀ ALLA REPUBBLICA.  a1a ed. aMILANObBOMPIANI VALENTINO CASA EDITR. c1976 [1° Ed.:1976 - Ed.Ling.Originale: 1976] a822 p. (prefazione: 16) aSAGGIO. PREFAZIONE DI ALATRI P. STORIA DELLA MASSONERIA. INDICE ONOMASTICO. I SETTE FRATELLI DELL'AUSONIA. DA TORINO LA LUCE D'ORIENTE. TRA SEGRETI E COMPLOTTI. L'ANICONCILIO DI NAPOLI. ALL'ORIENTE DEL VATICANO. IL PREZZO DELLA VERA LUCE. ADRIANO LEMMI. N aSocietà San Paolo EM - Piazza San Paolo, 14 - 12051 ALBA (CN) (non commercial uses only) ® Copyright 2017 aSAGGIO. PREFAZIONE DI ALATRI P. STORIA DELLA MASSONERIA. INDICE ONOMASTICO. I SETTE FRATELLI DELL'AUSONIA. DA TORINO LA LUCE D'ORIENTE. TRA SEGRETI E COMPLOTTI. L'ANICONCILIO DI NAPOLI. ALL'ORIENTE DEL VATICANO. IL PREZZO DELLA VERA LUCE. ADRIANO LEMMI. N aSTORIA MODERNA